000 00803nam a22001817a 4500
003 OSt
005 20240408103848.0
008 230628b2019 ag ||||| |||| 00| 0 spa d
020 _a9789501298314
040 _bspa
_cbesoc
100 1 _aSmith, Keri
_eautor
245 1 0 _aCómo ser un explorador del mundo :
_bMuseo de arte vida portátil /
_cKeri Smith
260 _aBuenos Aires :
_bPaidós,
_c2019
300 _a204 p.
505 0 _aCompañero invalorable de tus paseos, este nuevo libro de la genial Keri Smith, autora de Destroza este diario, te guiará y ayudará a hacer cosas extraordinarias. Más de medio centenar de actividades para chicos y chicas con ganas de jugar a ser artistas y mirar el mundo con ojos nuevos. [Nota del editor]
650 4 _aAprendizaje por experiencia
942 _2udc
_cLPD
_n0
999 _c60
_d60